000 00559nam a2200193Ia 4500
008 151121s9999||||xx |||||||||||||| ||und||
082 _a813/मोडक
082 _bHNW-13638
100 _aमोडक स। ह। -अनु।
245 _aमालक
260 _b"लोक-साहित्य, मुंबई।"
260 _c--
300 _a162
600 _aमोडक स। ह। -अनु।
630 _aमालक
700 _aमोडक स। ह। -अनु।
730 _aमालक
942 _cBOOK
999 _c1217609
_d1217606